02742nam a2200325 a 4500001001000000003000900010005001700019007000300036008004100039040003000080041000800110082003100118110005600149245016400205264006700369300002800436336002700464337003300491338002800524505126600552590002601818650005201844650005301896650004601949942001401995952013202009952013202141952012602273999001702399000047448DO-SdBNP20260217130814.0ta180530s2016 dr 000 0 spa d aDO-SdBNPbspacBNPHUerda aspa 1a352.4097293bI43c 20152221 aRepública Dominicana.bCámara de Cuentas91225410aInforme al Congreso Nacional :banálisis y evaluación de la ejecución presupuestaria y la rendición de cuentas generales del Estado, año fiscal 2015. 1aSanto Domingo :bCámara de Cuentas de la República,c2016. a819 páginas ;c32 cm. atextobtxt2rdacontent asin mediaciónbn2rdamedia avolumenbnc2rdacarrier0 aMarco de la ley de presupuesto general del Estado del año 2015 --tAnálisis de la ejecución presupuestaria del Estado del año 20015 --tAnálisis de la deuda del sector público no financiero --tAnálisis del movimiento y disponibilidad --tAnálisis de ejecución presupuestaria de las instituciones descentralizadas y autónoma no financieras. Las instituciones públicas de la seguridad social y empresas públicas no financieras --tAnálisis de la ejecución presupuestaria del sector público financiero --tAnálisis prusupuestario de las entidades municipales --tInforme de los autitores de la Cámara de Cuentas de la República Dominicana sobre el estado de recaudación e inversión de las rentas (ERIR), basado en estado de ejecución presupuestaria (cuenta de ahorro-inversión y financiamiento (CAIF) del gobierno central , año 2015 --tDictamen de los auditores de la Cámara de Cuentas de la República -- Informaciones finanancieras de la entidad --tObservaciones , conclusiones y recomendaciones --tInforme sobre la auditorías prácticadas por la Cámara de Cuentas a las instituciones públicas durante el período 2015 --tRendición de cuentas y ejecución presupuestaria de la Cámara de Cuentas. aInventariado, 2018/VM 4aGastos públicoszRepública Dominicana96405 4aHacienda públicazRepública Dominicana96562 4aPresupuestozRepública Dominicana97940 2ddccLBS1 0010718DSaGRbGRcHDd2018-05-30iLF1l0o352.4097293 I43c, 2015p47448-30r2020-06-25te. 3w2020-06-25yLFDSZNo se presta 0010718PDaPDbPDcHDd2018-05-29iLF1l0o352.4097293 I43c, 2015p47448-10r2020-06-25te. 2w2020-06-25yLFPDZNo se presta 0010718PDaPDbPDcHDd2018-05-29iLF1l0o352.4097293 I43c, 2015p47448-20r2020-06-25w2020-06-25yLFPDZNo se presta c46936d46936